000 00556nam a2200205 a 4500
001 000022244
005 20200930011640.0
008 100920s1998 mx 000 f spa d
020 _a9681902645
040 _aDO-SdBNP
_bspa
_cBNPHU
082 _aCh863.44
_bD687Lu
100 1 _aDonoso, José,
_d1924-1996
_921513
245 1 3 _aEl lugar sin límites /
_cJosé Donoso.
260 _aMéxico :
_bAlfaguara,
_c1998.
300 _a134 p. ;
_c21 cm.
650 4 _aNovela chilena
_93163
650 4 _aLiteratura chilena
_93164
910 _aWM
049 _aBNGR
999 _c21742
_d21742